[Event "Corporation Centre Cup"]
[Site "Izhevsk RUS"]
[Date "2009.07.23"]
[Round "9"]
[White "Ponkratov,P"]
[Black "Shaposhnikov,E"]
[Result "1/2-1/2"]
[WhiteElo "2564"]
[BlackElo "2546"]

1.d4 Nf6 2.c4 e6 3.Nf3 b6 4.a3 Bb7 5.Nc3 d5 6.Bg5 Be7 7.Qa4+ Bc6 8.Qc2 dxc4
9.e3 b5 10.a4 b4 11.Nb1 Be4 12.Qxc4 Nbd7 13.Ne5 Bd5 14.Qc2 b3 15.Qc1 c5 16.Nc3 cxd4
17.exd4 O-O 18.Nxd7 Qxd7 19.Bb5 Bc6 20.O-O Bxb5 21.axb5 h6 22.Bh4 Qxd4 23.Ra4 Qb6
24.Qd1 Rfd8 25.Qxb3 Rd7 26.Ra6 Qd4 27.Ra4 Qb6 28.Ra6 Qd4 29.Ra4  1/2-1/2

[Event "Najdorf Mem Open"]
[Site "Warsaw POL"]
[Date "2009.07.23"]
[Round "6"]
[White "Skwarczylo,M"]
[Black "Baumann,D"]
[Result "0-1"]
[WhiteElo "1960"]
[BlackElo "2106"]

1.d4 e6 2.c4 Nf6 3.Nf3 b6 4.a3 Ba6 5.Qc2 Bb7 6.Nc3 c5 7.e4 cxd4 8.Nxd4 d6
9.Be2 Be7 10.O-O O-O 11.Be3 Nbd7 12.f4 a6 13.Bf3 Qc7 14.Rac1 Rac8 15.b3 Qb8
16.Nde2 e5 17.f5 b5 18.cxb5 d5 19.exd5 Bxa3 20.Rcd1 Rfe8 21.g3 e4 22.Bg2 Nxd5
23.Bd4 axb5 24.Qa2 Nxc3 25.Nxc3 Bc5 26.Bxc5 Nxc5 27.Nxb5 Nd3 28.Qa7 Qxa7+
29.Nxa7 Rc2 30.Nb5 Rd8 31.Na3 Rxg2+ 32.Kxg2 e3+  0-1

[Event "zt 3.3"]
[Site "Ho Chi Minh City VIE"]
[Date "2009.07.24"]
[Round "3"]
[White "Laylo,D"]
[Black "Bitoon,R"]
[Result "1-0"]
[WhiteElo "2494"]
[BlackElo "2495"]

1.d4 Nf6 2.c4 e6 3.Nf3 b6 4.a3 Ba6 5.Qc2 Bb7 6.Nc3 c5 7.d5 exd5 8.cxd5 Nxd5
9.Nxd5 Bxd5 10.e4 Bb7 11.Bf4 Nc6 12.Rd1 Be7 13.Bc4 b5 14.Ba2 Qa5+ 15.Bd2 Qc7
16.Qb3 Nd8 17.Qxb5 Bxe4 18.Qe2 d5 19.Bc3 c4 20.Bxg7 Rg8 21.Be5 Qa5+ 22.Bc3 Qa6
23.Ne5 Bxg2 24.Rg1 Qe6 25.Rxd5 f6 26.Qh5+ Nf7 27.Bxc4 Bxd5 28.Rxg8+ Bf8 29.Bb5+ Kd8
30.Ba5+ Kc8 31.Rxf8+ Kb7 32.Rxf7+  1-0

[Event "Quebec Open"]
[Site "Montreal CAN"]
[Date "2009.07.24"]
[Round "8"]
[White "Georgiev,Vl"]
[Black "Malakhatko,V"]
[Result "1/2-1/2"]
[WhiteElo "2530"]
[BlackElo "2570"]

1.d4 Nf6 2.c4 e6 3.Nf3 b6 4.a3 Bb7 5.Nc3 d5 6.Bg5 Be7 7.Bxf6 Bxf6 8.cxd5 exd5
9.g3 O-O 10.Bg2 Re8 11.O-O Nd7 12.Qb3 Nf8  1/2-1/2

[Event "Czech Open A"]
[Site "Pardubice CZE"]
[Date "2009.07.24"]
[Round "1"]
[White "Vokac,M"]
[Black "Molnar,P SVK"]
[Result "1-0"]
[WhiteElo "2466"]
[BlackElo "2264"]

1.d4 Nf6 2.c4 e6 3.Nf3 b6 4.a3 Bb7 5.Nc3 d5 6.cxd5 Nxd5 7.e3 g6 8.Bb5+ c6
9.Bd3 Bg7 10.O-O O-O 11.Ne2 Nd7 12.e4 Ne7 13.Ng3 c5 14.Be3 Rc8 15.Re1 a6
16.Bf1 cxd4 17.Bxd4 Nc6 18.Bxg7 Kxg7 19.e5 Ne7 20.Nd4 Nc6 21.Nxc6 Rxc6 22.b4 Qe7
23.Qd4 Rc7 24.Rad1 Rfc8 25.Qg4 Kh8 26.Qf4 Kg7 27.Rd4 Rc3 28.Re3 R8c7 29.Red3 Rxd3
30.Rxd3 b5 31.Rd6 Bc6 32.h4 Nb6 33.h5 Nd5 34.Qg4 Kh8 35.hxg6 hxg6 36.Ne4 f5
37.exf6 Nxf6 38.Qh3+ Kg7 39.Rxe6 Bxe4 40.Rxe7+ Rxe7 41.Qe3 Kf7 42.Qc5 Bb7
43.f3 Rd7 44.Kf2 Kg7 45.Be2 Rf7 46.Qb6 Ne4+ 47.Ke3 Nf6 48.Qc5 Nd5+ 49.Kf2 Nf6
50.Qe5 Kh7 51.Kg1 Nd5 52.Bd3 Nf4 53.Bc2 Kh6 54.Bb3 Rf5 55.Qe3  1-0

[Event "Czech Open A"]
[Site "Pardubice CZE"]
[Date "2009.07.24"]
[Round "1"]
[White "Rosko,L"]
[Black "Stohl,I"]
[Result "0-1"]
[WhiteElo "2292"]
[BlackElo "2549"]

1.d4 Nf6 2.c4 e6 3.Nf3 b6 4.a3 c5 5.d5 Ba6 6.Qc2 exd5 7.cxd5 g6 8.Nc3 Bg7
9.Bf4 d6 10.Qa4+ Qd7 11.Bxd6 Qxa4 12.Nxa4 Nxd5 13.O-O-O Ne7 14.e4 Bxf1 15.Rhxf1 Nbc6
16.Nc3 Bxc3 17.bxc3 Rd8 18.Bc7 Rd7 19.Bf4 f6 20.Rxd7 Kxd7 21.Rd1+ Kc8 22.e5 fxe5
23.Nxe5 Nxe5 24.Bxe5 Re8 25.Bf4 Nc6 26.h4 Na5 27.h5 Nc4 28.hxg6 hxg6 29.a4 Re2
30.Bg3 Nb2 31.Rd2 Rxd2 32.Kxd2 Nxa4 33.c4 a6 34.Kc2 Kd7 35.Be5 b5 36.Kb3 Nb6
37.cxb5 axb5 38.f4 Nd5 39.g4 Ne3 40.f5 gxf5 41.gxf5 Nxf5 42.Bh8 Kc6 43.Kc3 b4+
44.Kc4 Nd6+ 45.Kb3 Kb5 46.Be5 c4+ 47.Kc2 Ne4 48.Bg7 Ka4 49.Kb2 c3+ 50.Ka2 b3+
51.Ka1 b2+  0-1

[Event "MTO"]
[Site "Biel SUI"]
[Date "2009.07.25"]
[Round "6"]
[White "Riazantsev,A"]
[Black "Pelletier,Y"]
[Result "1/2-1/2"]
[WhiteElo "2647"]
[BlackElo "2574"]

1.d4 Nf6 2.c4 e6 3.Nf3 b6 4.a3 Bb7 5.Nc3 d5 6.cxd5 Nxd5 7.Bd2 Be7 8.Qc2 O-O
9.e4 Nxc3 10.Bxc3 c5 11.dxc5 bxc5 12.Rd1 Qc7 13.Bd3 Nd7 14.O-O Rfd8 15.Rfe1 Nb6
16.b3 Rac8 17.Nd2 c4 18.Nxc4 Nxc4 19.bxc4 Ba6 20.Bb4 e5 21.Bf1 Bc5 22.Bxc5 Qxc5
23.Rxd8+ Rxd8 24.Rd1 Rxd1 25.Qxd1 g6 26.Qd5 Qxa3 27.Qxe5 Qb4 28.h4 h6 29.Qe8+ Kg7
30.Qd7 Qc5 31.Qd5 Qb6 32.Qe5+ Qf6 33.Qa5 Qb6 34.Qa1+ Qf6 35.e5 Qe6 36.c5 Bxf1
37.Kxf1 Qc4+ 38.Kg1  1/2-1/2

[Event "ZMD Open"]
[Site "Dresden GER"]
[Date "2009.07.27"]
[Round "3"]
[White "Sanikidze,T"]
[Black "Bade,Ha"]
[Result "1-0"]
[WhiteElo "2559"]
[BlackElo "2077"]

1.d4 Nf6 2.c4 e6 3.Nf3 b6 4.a3 Bb7 5.Nc3 d5 6.cxd5 exd5 7.Qc2 c6 8.Bg5 Be7
9.e3 Nbd7 10.Bd3 O-O 11.O-O h6 12.Bf4 Nh5 13.Be5 Re8 14.h3 a5 15.Bh2 Nhf6
16.Bf5 b5 17.Ne5 Bd6 18.f4 Qe7 19.Bg3 b4 20.Na4 Ba6 21.Rfe1 Bxe5 22.fxe5 Ne4
23.Bxe4 dxe4 24.Qxc6 Bd3 25.axb4 axb4 26.Nb6 Nxb6 27.Qxb6 Rac8 28.Rec1 Qg5
29.Bf4 Qh5 30.Qxb4 Qe2 31.e6 Rxc1+ 32.Rxc1 Rxe6 33.Rc8+ Kh7 34.Qf8 Rf6 35.Qh8+ Kg6
36.Rg8 Kh5 37.Qxg7 Rg6 38.Qe5+ Kh4 39.Bg3+  1-0

[Event "zt 3.3"]
[Site "Ho Chi Minh City VIE"]
[Date "2009.07.27"]
[Round "7"]
[White "Watanabe,A"]
[Black "Tran Quoc Dung"]
[Result "1-0"]
[WhiteElo "2339"]
[BlackElo "2196"]

1.d4 Nf6 2.c4 e6 3.Nf3 b6 4.a3 Bb7 5.Nc3 d6 6.d5 e5 7.e4 g6 8.Be2 Bg7 9.O-O O-O
10.Ne1 Nbd7 11.b4 a5 12.Be3 Ne8 13.Nd3 f5 14.f3 Qe7 15.Rb1 Bc8 16.Qc2 Ndf6
17.Nf2 f4 18.Bd2 g5 19.Na4 Bd7 20.bxa5 h5 21.axb6 g4 22.b7 Rb8 23.c5 Bxa4
24.Qxa4 dxc5 25.Qa7 Nd6 26.Qxc5 Bh6 27.Rfc1 g3 28.hxg3 fxg3 29.Bxh6 gxf2+
30.Qxf2 Rf7 31.Qa7 Qe8 32.Rc6 Kh7 33.Bg5 Ng8 34.Ba6 Rg7 35.Bh4 Qf8 36.Qe3 Nf6
37.Bxf6 Qxf6 38.Rbc1 Qd8 39.Qc3 Qg5 40.Rc2 Ne8 41.Re6 Re7 42.Rxe7+ Qxe7 43.Qc5 Qh4
44.Qa7 Qd8 45.Rc6 h4 46.Qe3 Nd6 47.Qc3  1-0

[Event "zt 3.3"]
[Site "Ho Chi Minh City VIE"]
[Date "2009.07.28"]
[Round "8"]
[White "Zhang Zhong"]
[Black "Batchuluun,T"]
[Result "1-0"]
[WhiteElo "2613"]
[BlackElo "2384"]

1.d4 Nf6 2.c4 e6 3.Nf3 b6 4.a3 Bb7 5.Nc3 d5 6.cxd5 exd5 7.Bg5 Be7 8.Qa4+ c6
9.e3 O-O 10.Bd3 Nbd7 11.O-O h6 12.Bf4 Nh5 13.Be5 Nhf6 14.Rfd1 Re8 15.Bg3 Nh5
16.e4 Nxg3 17.hxg3 dxe4 18.Bxe4 b5 19.Qb3 Qb6 20.Bf5 Bc8 21.Re1 Qd8 22.Be4 Bb7
23.Nxb5 Nf6 24.Nc3 Qb6 25.Qc4 Nxe4 26.Nxe4 Ba6 27.Qc3 Rab8 28.Nc5 Bc8 29.Re2 Kf8
30.Rae1 Qd8 31.Qd3 f6 32.Qe3 f5 33.Qe5  1-0

[Event "Czech Open A"]
[Site "Pardubice CZE"]
[Date "2009.07.28"]
[Round "5"]
[White "Rosko,L"]
[Black "Osmanovic,F"]
[Result "0-1"]
[WhiteElo "2292"]
[BlackElo "2096"]

1.d4 Nf6 2.c4 e6 3.Nf3 b6 4.a3 Bb7 5.Nc3 d5 6.cxd5 Nxd5 7.Qc2 Nxc3 8.bxc3 Be7
9.e4 O-O 10.Bd3 c5 11.O-O Qc7 12.Qe2 Nc6 13.Bb2 Rad8 14.Rad1 g6 15.h4 e5
16.d5 Na5 17.c4 f6 18.h5 Bc8 19.Nd2 g5 20.Bc3 Nb7 21.Rb1 Bd7 22.g3 Bh3 23.Rfe1 Qc8
24.f3 Bd7 25.Rb2 Bd6 26.Nf1 h6 27.Ne3 Rf7 28.a4 Bc7 29.a5 Nd6 30.Ra1 Rdf8
31.axb6 axb6 32.g4 Qd8 33.Bc2 Qe7 34.Ra7 Bb8 35.Ra6 Bc7 36.Ba4 Bxa4 37.Rxa4 Rb8
38.Ra7 Qd8 39.Qc2 Rf8 40.Rba2 Nc8 41.Nf5 Nxa7 42.Rxa7 Ra8 43.Rxa8 Qxa8 44.d6 Bd8
45.Nxh6+ Kh7 46.Nf5 Rf7 47.f4 Ra7 48.fxg5 fxg5 49.Bxe5 Ra2 50.Qd3 Qa5 51.Bc3 Qa3
52.Qe3 Qb3 53.e5 Qd1+ 54.Be1 Re2 55.Qxe2 Qxe2 56.Bg3 Qxg4  0-1

[Event "Tchibo Open B"]
[Site "Pardubice CZE"]
[Date "2009.07.29"]
[Round "6"]
[White "Bednar,Ma"]
[Black "Ter Karapetian,Al"]
[Result "1/2-1/2"]
[WhiteElo "2154"]
[BlackElo "2191"]

1.d4 Nf6 2.c4 e6 3.Nf3 b6 4.a3 Bb7 5.Nc3 d6 6.Qd3 Nbd7 7.e4 c5 8.d5 e5 9.Be2 g6
10.Be3 Bg7 11.Nd2 a6 12.g4 h5 13.f3 hxg4 14.fxg4 Nxg4 15.O-O-O Nxe3 16.Qxe3 Qh4
17.Qg3 Qxg3 18.hxg3 O-O-O 19.Rdf1 Rxh1 20.Rxh1 Rh8 21.Rf1 f6 22.Bg4 Kc7 23.Nf3 f5
24.exf5 Nf6 25.Kb1 Nxg4 26.Ng5 Bc8 27.Ne6+ Bxe6 28.dxe6 Nf6 29.fxg6 Rh6 30.Nd5+ Nxd5
31.Rf7+ Kd8 32.Rd7+ Ke8 33.cxd5 Rxg6 34.Rxd6 e4 35.Rxb6 e3 36.Rb8+ Ke7 37.Rb7+ Ke8
38.Rb8+ Ke7 39.Rb7+ Ke8 40.Rb8+ Ke7  1/2-1/2

[Event "Open"]
[Site "Ptuj SLO"]
[Date "2009.08.02"]
[Round "1"]
[White "Havas,Ju"]
[Black "Podkriznik,G"]
[Result "0-1"]
[WhiteElo "1936"]
[BlackElo "2386"]

1.d4 Nf6 2.c4 e6 3.Nf3 b6 4.a3 Ba6 5.Qc2 Bb7 6.Nc3 c5 7.d5 exd5 8.cxd5 Nxd5
9.Ne4 Be7 10.Bg5 O-O 11.h4 Nf6 12.Ng3 d5 13.e3 Ne4 14.Nf5 f6 15.Bf4 Nc6 16.g4 Bd6
17.Nxd6 Nxd6 18.Bd3 Ne4 19.O-O-O Qe7 20.g5 f5 21.Rhe1 Rad8 22.Ng1 c4 23.Bf1 b5
24.f3 Nc5 25.Kb1 Ne6 26.Bg3 b4 27.a4 Na5 28.Ne2 Qd7 29.Nc1 Bc6  0-1

[Event "Arctic Chess Challenge"]
[Site "Tromso NOR"]
[Date "2009.08.03"]
[Round "3"]
[White "Rolvag,M"]
[Black "De Winter,E"]
[Result "1/2-1/2"]
[WhiteElo "2196"]
[BlackElo "1854"]

1.d4 Nf6 2.Nf3 e6 3.c4 b6 4.a3 Bb7 5.Nc3 Be7 6.Qc2 d5 7.cxd5 exd5 8.Bf4 c6
9.e3 Nbd7 10.Bd3 Rc8 11.O-O O-O 12.Bf5 g6 13.Bd3 c5 14.dxc5 Nxc5 15.Bh6 Re8
16.Bb5 Ncd7 17.Qd1 a6 18.Be2 Bf8 19.Bxf8 Kxf8 20.Qd4 Nc5 21.Qh4 Kg7 22.Nd4 Nfe4
23.Qxd8 Rcxd8 24.Nxe4 dxe4 25.Rfd1 Kf6 26.Bc4 Bd5 27.Bxd5 Rxd5 28.Rdc1 Kg7
29.Rc2 Ne6 30.Ne2  1/2-1/2

[Event "Open"]
[Site "Ptuj SLO"]
[Date "2009.08.04"]
[Round "4"]
[White "Titan,M"]
[Black "Bogacov,A"]
[Result "1/2-1/2"]
[WhiteElo "1974"]
[BlackElo "2096"]

1.d4 Nf6 2.Nf3 e6 3.c4 b6 4.a3 Bb7 5.Nc3 Ne4 6.Nxe4 Bxe4 7.Ng5 Bb7 8.d5 Be7
9.Nf3 O-O 10.e4 d6 11.Bd3 Nd7 12.O-O e5 13.b4 Bf6 14.Be3 g6 15.Qc2 Bg7 16.a4 Nf6
17.h3 Nh5 18.a5 Nf4 19.c5 Nxd3 20.Qxd3 f5 21.axb6 cxb6 22.Bg5 Bf6 23.Bxf6 Rxf6
24.c6 Bc8 25.Nd2 f4 26.Ra3 g5 27.f3 h5 28.Rfa1 Rf7 29.Nc4 g4 30.Nxe5 dxe5
31.d6 gxh3 32.Qd5 Qg5 33.R3a2 a5 34.d7 Bxd7 35.cxd7 Rd8 36.bxa5 bxa5 37.Qe6 Rxd7
38.Qxh3 Rg7 39.Rxa5 Rd2 40.Qc8+ Kh7 41.Qf5+ Qxf5 42.exf5 Rgxg2+ 43.Kh1 Rh2+
44.Kg1 Rdg2+ 45.Kf1 Rg3 46.R1a3 Rhh3 47.Rxe5 Rxf3+ 48.Rxf3 Rxf3+ 49.Kg2 Rg3+
50.Kf2 Kh6 51.f6 Kg6 52.f7 Kxf7 53.Rf5+ Kg6 54.Rxf4 Rg5 55.Rf8 Rb5 56.Rg8+ Kf5
57.Kg3 Rb4 58.Rf8+ Kg5 59.Rg8+ Kf5  1/2-1/2

[Event "Open"]
[Site "Ptuj SLO"]
[Date "2009.08.05"]
[Round "5"]
[White "Havas,L"]
[Black "Gantar,J"]
[Result "0-1"]
[WhiteElo "2288"]
[BlackElo "2011"]

1.d4 Nf6 2.c4 e6 3.Nf3 b6 4.a3 Bb7 5.Nc3 d5 6.cxd5 Nxd5 7.e3 g6 8.Bb5+ c6
9.Bd3 Bg7 10.h4 Nd7 11.e4 Nxc3 12.bxc3 O-O 13.e5 c5 14.h5 Qc7 15.O-O Rad8
16.Qe2 Bxf3 17.gxf3 cxd4 18.Bg5 Nxe5 19.Bxd8 Rxd8 20.c4 Nxd3 21.Qxd3 Qc5
22.Rfe1 Qxh5 23.Kf1 Rc8 24.Rab1 Rc5 25.Rb5 Rxb5 26.cxb5 Qc5 27.a4 h5 28.Qe4 Qc4+
29.Kg2 Qxa4 30.Qa8+ Bf8 31.Qe8 a6 32.Rxe6 Qxb5 33.Qxb5 axb5 34.Rxb6 b4 35.Rb8 Kg7
36.Rd8 Be7 37.Rxd4 b3 38.Rd3 b2 39.Rb3 Bf6 40.f4 Bc3 41.Rb6 Bd4 42.Rb5 f5
43.Kf3 h4 44.Rb7+ Kf6 45.Ke2 Ke6 46.Kd3 h3 47.Kc2 Kd5 48.Rh7 Ke4 49.Rxh3 Bxf2
50.Rh6 Kxf4 51.Rxg6 Bd4 52.Rg8 Ke4 53.Rb8 f4 54.Rb3 f3 55.Kd2 Bc3+ 56.Kxc3 f2
57.Rb4+ Ke5 58.Rxb2 f1=Q 59.Rd2 Qb5 60.Rb2 Qc5+ 61.Kb3 Kd4 62.Rd2+ Ke3 63.Rc2 Qd4
64.Rc3+ Kd2 65.Rc2+ Kd3 66.Rb2 Qc3+ 67.Ka2 Kc4 68.Rb1 Qa5+ 69.Kb2 Qb4+ 70.Ka2 Qa4+
71.Kb2 Qb3+ 72.Kc1 Qc3+ 73.Kd1 Kd3  0-1

[Event "XI Sants Open"]
[Site "Barcelona ESP"]
[Date "2009.08.21"]
[Round "1"]
[White "Krasenkow,M"]
[Black "Morcillo Ferran,J"]
[Result "1-0"]
[WhiteElo "2631"]
[BlackElo "2110"]

1.d4 Nf6 2.Nf3 e6 3.c4 b6 4.a3 c5 5.d5 exd5 6.cxd5 d6 7.Nc3 Be7 8.e4 O-O
9.h3 Re8 10.Bd3 Nbd7 11.Bf4 Nf8 12.O-O Ng6 13.Bh2 a6 14.b4 Qc7 15.bxc5 bxc5
16.Nd2 Nd7 17.f4 Bf6 18.Rc1 Rb8 19.Kh1 Bd4 20.Nc4 Nb6 21.Ne2 Nxc4 22.Rxc4 Bf6
23.Ng3 Rb2 24.Nh5 Bd4 25.Rxd4 cxd4 26.Qa4 Rb5 27.Qxd4 f6 28.Bxb5 axb5 29.f5 Ne5
30.Bxe5 Rxe5 31.Qe3 Qe7 32.Ng3 Qb7 33.Rc1 Bd7 34.Qc3 Kf8 35.Qa5 Be8 36.Qd8 Qd7
37.Qb8 Re7 38.Rc8 Kf7 39.Kh2 g6 40.Rd8  1-0

[Event "Open A"]
[Site "Panevezys LTU"]
[Date "2009.08.21"]
[Round "7"]
[White "Milasevicius,J"]
[Black "Novikovas,A"]
[Result "1/2-1/2"]
[WhiteElo "1996"]
[BlackElo "1916"]

1.d4 Nf6 2.c4 e6 3.Nf3 b6 4.a3 Ba6 5.e3 Be7 6.Be2 O-O 7.Nc3 d5 8.cxd5 Bxe2
9.Qxe2 Nxd5 10.Bd2 c5 11.O-O Nc6 12.Nxd5  1/2-1/2

[Event "5th Geller Mem Open A"]
[Site "Odessa UKR"]
[Date "2009.08.22"]
[Round "3"]
[White "Rakhmangulov,A"]
[Black "Tkachenko,G"]
[Result "1-0"]
[WhiteElo "2367"]
[BlackElo "2259"]

1.d4 Nf6 2.Nf3 e6 3.c4 b6 4.a3 Bb7 5.Nc3 Be7 6.g3 O-O 7.d5 a5 8.Bg2 Na6 9.O-O Nc5
10.Nd4 Re8 11.Rb1 a4 12.Qc2 Ra5 13.Bd2 Nb3 14.Nxb3 axb3 15.Qxb3 Qa8 16.Nb5 Rxb5
17.Qxb5 exd5 18.cxd5 Bc5 19.b4 Bd6 20.Qd3 Nxd5 21.Rfd1 Nf6 22.Bxb7 Qxb7 23.a4 Ne4
24.Be3 Qa8 25.Qb3 h5 26.a5 bxa5 27.bxa5 Qxa5 28.Rd5 Qc3 29.Rxh5 Qf6 30.Qd3 Qe6
31.Ra5 Qh3 32.Rbb5 g6 33.Bd4 c5 34.Bxc5 Bxc5 35.Rxc5 Nxc5 36.Rxc5 Ra8 37.Rc1 Qe6
38.h4 d5 39.Rd1 Ra2 40.Rd2 Ra1+ 41.Kg2 Ra5 42.Kh2 Qe5 43.Rc2 Ra4 44.Kg2 Re4
45.Rc8+ Kg7 46.e3 Ra4 47.Rd8 Ra5 48.Qd2 Rb5 49.Qd3 Qe4+ 50.Qxe4 dxe4 51.g4 f5
52.Rd7+ Kg8 53.g5 Rb1 54.Kg3 Rb2 55.Ra7 Rc2 56.Ra5 Kg7 57.h5 gxh5 58.Rxf5 Kg6
59.Rf4 Kxg5 60.Rxe4 Rc1 61.Re5+ Kg6 62.Re8 Rg1+ 63.Kh2 Ra1 64.Kg2 Kg5 65.Rg8+ Kf6
66.f4 Ra5 67.Kf3 Rb5 68.Ra8 Rb1 69.Ra6+ Kg7 70.f5 Rf1+ 71.Ke4 Rg1 72.Ke5 h4
73.Ra4 Rg3 74.Ra7+ Kh6 75.Kf4 Rg1 76.e4 Rf1+ 77.Kg4 Re1 78.Re7 Rh1 79.Re6+ Kh7
80.Kg5 Kg7 81.Re7+ Kf8 82.Rh7 h3 83.Kf6  1-0

[Event "RUS-CHN Match Rapid"]
[Site "Sochi RUS"]
[Date "2009.08.22"]
[Round "10"]
[White "Zhou Jianchao"]
[Black "Tomashevsky,E"]
[Result "0-1"]
[WhiteElo "2623"]
[BlackElo "2689"]

1.Nf3 Nf6 2.d4 e6 3.c4 b6 4.a3 Bb7 5.Nc3 g6 6.Qc2 Bg7 7.e4 d6 8.Be2 O-O 9.O-O Nbd7
10.Be3 Qe7 11.Rad1 a6 12.Rfe1 Rac8 13.Bf1 Rfe8 14.h3 Qf8 15.b4 Nh5 16.g4 Nhf6
17.Bg2 h5 18.g5 Nh7 19.Nh4 e5 20.dxe5 Nxe5 21.Qb3 f6 22.f4 fxg5 23.fxe5 gxh4
24.Rf1 Qe7 25.exd6 cxd6 26.Bxb6 Be5 27.c5+ Qe6 28.Qxe6+ Rxe6 29.Nd5 dxc5
30.Bxc5 Rce8 31.Bf2 g5 32.Bd4 g4 33.Rf5 Bxd4+ 34.Rxd4 Re5 35.Nf4 Rxf5 36.exf5 Bxg2
37.Kxg2 Nf6 38.Rd6 Kf7 39.Rxa6 Re5 40.Ra7+ Kg8 41.Ng6 Re2+ 42.Kg1 gxh3 43.Re7 Ra2
44.Nxh4 Ng4 45.Nf3 Rg2+  0-1

[Event "XI Sants Open"]
[Site "Barcelona ESP"]
[Date "2009.08.24"]
[Round "4"]
[White "Ikonnikov,Vy"]
[Black "Matnadze,A"]
[Result "1-0"]
[WhiteElo "2556"]
[BlackElo "2413"]

1.d4 Nf6 2.Nf3 e6 3.c4 b6 4.a3 Bb7 5.Nc3 g6 6.Qc2 Bg7 7.e4 O-O 8.e5 Nh5 9.Be2 f6
10.g4 fxe5 11.gxh5 Rxf3 12.d5 Qf8 13.hxg6 h6 14.Be3 Na6 15.O-O-O Rf4 16.Bxf4 exf4
17.Bf3 Nc5 18.Ne4 exd5 19.cxd5 d6 20.Rhe1 Bc8 21.Nxc5 bxc5 22.Rd2 Bd7 23.Qd1 Kh8
24.Bg4 Be8 25.Qc2 Be5 26.Rxe5 dxe5 27.h4 h5 28.Bxh5 Bd7 29.Bf3 Bf5 30.Be4 Bxe4
31.Qxe4 Re8 32.h5 c4 33.Rc2 f3 34.Rxc4 Qh6+ 35.Kc2 Qxh5 36.Rxc7 Qg5 37.d6 Qf6
38.Rh7+ Kg8 39.Qd5+ Qe6 40.d7  1-0

[Event "9th UIL&UL GM"]
[Site "Dahka BAN"]
[Date "2009.08.29"]
[Round "10"]
[White "Abdulla,AlR"]
[Black "Mchedlishvili,M"]
[Result "1/2-1/2"]
[WhiteElo "2532"]
[BlackElo "2592"]

1.d4 Nf6 2.c4 e6 3.Nf3 b6 4.a3 Ba6 5.Qc2 Bb7 6.Nc3 c5 7.e4 cxd4 8.Nxd4 Nc6
9.Nxc6 Bxc6 10.e5 Ng8 11.Bf4 Qc7 12.Qd2 Ne7 13.Nb5 Bxb5 14.cxb5 Ng6 15.Bg3 Rd8
16.Rc1 Qb8 17.Be2 Be7 18.O-O O-O 19.Rfd1 Nxe5 20.Qc3 Bf6 21.Qc7 d5 22.Qxb8 Rxb8
23.Rc7 Ra8 24.b4 Rfc8 25.Rdc1 Rxc7 26.Rxc7 g5 27.a4 Ng6 28.Rb7 Nf4 29.Bxf4 gxf4
30.Bh5 Bc3 31.Bxf7+ Kh8 32.Rc7 Bxb4 33.Bxe6 Re8 34.Rc8  1/2-1/2

[Event "XI Sants Open"]
[Site "Barcelona ESP"]
[Date "2009.08.30"]
[Round "10"]
[White "Krasenkow,M"]
[Black "Fier,A"]
[Result "1/2-1/2"]
[WhiteElo "2631"]
[BlackElo "2604"]

1.d4 Nf6 2.c4 e6 3.Nf3 b6 4.a3 Ba6 5.Qc2 Bb7 6.Nc3 c5 7.e4 cxd4 8.Nxd4 Bc5
9.Nf3 Nc6 10.b4 Nd4 11.Qd2 Nxf3+ 12.gxf3 Be7 13.Rg1 a5 14.Rxg7 axb4 15.Nb5 Bc6
16.Nd6+ Bxd6 17.Qxd6 Qe7 18.Qxe7+ Kxe7 19.Bb2 bxa3 20.Bxa3+ d6 21.e5 Ne8
22.Rg4 Ra5 23.Bb2 dxe5 24.Rxa5 bxa5 25.Bxe5 f6 26.Bc3 a4 27.Be2 Kf7 28.Rd4 Ng7
29.f4 Rc8 30.Rd2 Rb8 31.Rd6 Rc8 32.Rd2 Rb8 33.Rd6 Rc8  1/2-1/2

[Event "TCh-SRB 1st League"]
[Site "Kragujevac SRB"]
[Date "2009.09.02"]
[Round "2"]
[White "Sekulic,D"]
[Black "Savic,Miod1"]
[Result "0-1"]
[WhiteElo "2295"]
[BlackElo "2545"]

1.d4 Nf6 2.c4 e6 3.Nf3 b6 4.a3 Bb7 5.Nc3 d5 6.cxd5 Nxd5 7.Qa4+ Qd7 8.Qc2 Nxc3
9.bxc3 c5 10.Ne5 Qc7 11.Qa4+ Nc6 12.Bf4 Bd6 13.Nxc6 Bxc6 14.Bxd6 Qxd6 15.dxc5 Qxc5
16.Qd4 O-O 17.f3 Rfd8 18.Qxc5 bxc5 19.h4 Rab8 20.h5 Rb3 21.c4 Rd4 22.h6 g5
23.e3 Rxe3+ 24.Kf2 Rb3 25.Re1 g4 26.Rh5 gxf3 27.Rxc5 Rd2+ 28.Be2 Bb7 29.gxf3 Rxf3+
30.Kg1 Rg3+ 31.Kf2 Rf3+ 32.Kg1 Rh3 33.Rb1 Rh1+ 34.Kf2 Rxb1  0-1

[Event "TCh-SRB 1st League"]
[Site "Kragujevac SRB"]
[Date "2009.09.04"]
[Round "4"]
[White "Pavlovic,G1"]
[Black "Maksimovic,Br"]
[Result "1-0"]
[WhiteElo "2374"]
[BlackElo "2421"]

1.d4 e6 2.c4 Nf6 3.Nf3 b6 4.a3 Bb7 5.Nc3 Ne4 6.Nxe4 Bxe4 7.Nd2 Bb7 8.e4 g6
9.Bd3 Bg7 10.Nf3 O-O 11.O-O d5 12.cxd5 exd5 13.e5 c5 14.Bg5 Qd7 15.Qd2 Ba6
16.Bxa6 Nxa6 17.dxc5 bxc5 18.Rfd1 Rfb8 19.Qxd5 Qxd5 20.Rxd5 Rxb2 21.Rad1 h6
22.Be3 Bf8 23.Rd7 c4 24.e6 fxe6 25.Ne5 Nc5 26.Rc7 Rd8 27.Rf1 Ne4 28.Nxg6 Bg7
29.Nf4 Rd6 30.Rxc4 Nc3 31.Rc8+ Kh7 32.Rc7 Nd5 33.Nxd5 Rxd5 34.Rxa7 Kg6 35.g3 Bf6
36.Ra6 Kf5 37.Bxh6 Bd4 38.Be3 Bxe3 39.fxe3+ Ke5 40.Rf2 Rb3 41.e4 Rdd3 42.Re2 Rxa3
43.Rxa3 Rxa3 44.Kf2 Rb3 45.h4 Ra3 46.Kg2 Rb3 47.Kh3 Rf3 48.h5 Rf1 49.Kg4 Kd4
50.e5  1-0

[Event "6th LGA Premium Cup"]
[Site "Nuernberg GER"]
[Date "2009.09.05"]
[Round "4"]
[White "Thuerauf,P"]
[Black "Osmanovic,F"]
[Result "1/2-1/2"]
[WhiteElo "1917"]
[BlackElo "2096"]

1.Nf3 Nf6 2.d4 e6 3.c4 b6 4.a3 Bb7 5.Nc3 d5 6.e3 Bd6 7.cxd5 exd5 8.Bd3 O-O
9.O-O Nbd7 10.b3 a6 11.Bb2 Re8 12.Rc1 Ne4 13.Qc2 Ndf6 14.Ne5 Nxc3 15.Qxc3 c5
16.Qc2 Qe7 17.Nf3 Ne4 18.dxc5 bxc5 19.Rfd1 Rad8 20.Qe2 Qe6 21.g3 h6 22.Nd2 Ng5
23.Nf3 Nh3+ 24.Kf1 d4 25.Nh4 g6 26.Bc4 Qe4 27.f3 Qxe3 28.Qxe3 Rxe3 29.Re1 Rde8
30.Rxe3 Rxe3 31.Re1 Rxe1+ 32.Kxe1 Kf8 33.Bc1 Kg7 34.Ke2 Kf6 35.f4 g5 36.fxg5+ hxg5
37.Nf3 g4 38.Ne1 a5 39.Bd2 Bc7 40.Nd3 Bb6 41.Ne1 Be4 42.Bh6 Bg6 43.Bd5 Ke5
44.Bc6 Kd6 45.Bb7 a4 46.bxa4 c4 47.Bf8+ Ke5 48.Bb4 Be4 49.Bxe4 Kxe4 50.a5 Ba7
51.Bd6 Ng1+ 52.Kd1 Nf3 53.Bc7 Kd5 54.h4 Ne5 55.Nc2 Nd7 56.h5 Kc6 57.Bd8 Nf8
58.a4 Bc5 59.Bb6 Bxb6 60.axb6 d3  1/2-1/2

[Event "ch-RUS HL"]
[Site "Ulan Ude RUS"]
[Date "2009.09.06"]
[Round "5"]
[White "Zabotin,A"]
[Black "Nikolenko,O"]
[Result "1/2-1/2"]
[WhiteElo "2512"]
[BlackElo "2533"]

1.Nf3 Nf6 2.c4 e6 3.d4 b6 4.a3 Ba6 5.Qc2 Bb7 6.Nc3 c5 7.e4 cxd4 8.Nxd4 Bc5
9.Nb3 Nc6 10.f3 O-O 11.Bg5 h6 12.Bh4 Nd4 13.Nxd4 Bxd4 14.Bg3 d5 15.exd5 exd5
16.O-O-O Bxc3 17.Qxc3 Rc8 18.Kb1 Ba6 19.Be5 Bxc4 20.Bxc4 Rxc4 21.Bxf6 Qxf6
22.Qxf6 gxf6 23.Rxd5 Rfc8 24.Rhd1 Kg7 25.R1d4 Rxd4 26.Rxd4 Rc5 27.a4 f5 28.Rd7 a5
29.Rd6 b5 30.axb5 Rxb5 31.f4 h5 32.Rd2  1/2-1/2

[Event "4th Xtracon Skovbo"]
[Site "Borup DEN"]
[Date "2009.09.11"]
[Round "6"]
[White "Larsen,Jes"]
[Black "Jensen,So2"]
[Result "1-0"]
[WhiteElo "1998"]
[BlackElo "1883"]

1.d4 Nf6 2.Nf3 e6 3.c4 b6 4.a3 Ba6 5.e3 c5 6.Nc3 Be7 7.Be2 O-O 8.O-O Bb7
9.d5 d6 10.e4 e5 11.Ne1 a6 12.f4 Nbd7 13.Nf3 exf4 14.Bxf4 Nh5 15.Be3 Bf6
16.Rc1 Bxc3 17.Rxc3 Nhf6 18.Bd3 Qe7 19.Re1 Ne5 20.Bg5 Nxd3 21.Qxd3 h6 22.Bh4 g5
23.Nxg5 hxg5 24.Bxg5 Qe5 25.Bxf6 Qxf6 26.Qg3+ Qg6 27.Qh4 Qh7 28.Rg3+ Kh8
29.Qf6+  1-0

[Event "Quality Chess Int"]
[Site "Edinburgh SCO"]
[Date "2009.09.13"]
[Round "2"]
[White "Thomson,C"]
[Black "Greet,A"]
[Result "1/2-1/2"]
[WhiteElo "2324"]
[BlackElo "2433"]

1.d4 Nf6 2.Nf3 e6 3.c4 b6 4.a3 Ba6 5.Qb3 d5 6.cxd5 Qxd5 7.Qxd5 exd5 8.Bf4 c6
9.Nc3 Nbd7 10.h3 Be7 11.e3 Bxf1 12.Kxf1 a5 13.Ke2 O-O 14.Rhc1 Rfc8 15.Rc2 b5
16.Rac1 Nb6 17.a4 bxa4 18.Ra1 a3 19.bxa3 Nc4 20.a4 Nd7 21.Nb1 Nb8 22.Bxb8 Raxb8
23.Nbd2 Nb6 24.Ne5 c5 25.dxc5 Bf6 26.Rac1 Nxa4 27.Nd7 Rb4 28.Nxf6+ gxf6 29.Nf3 Nb2
30.Nd4 Nc4 31.c6 Kf8 32.Ra1 a4 33.Rca2 a3 34.Rxa3 Nxa3 35.Rxa3 Rxd4 36.exd4 Rxc6
37.Ra8+ Ke7 38.Rh8 Rc2+ 39.Ke3 Rc3+ 40.Kd2 Ra3 41.Rxh7 Ra2+ 42.Ke3 Ra3+ 43.Ke2 Ra2+
44.Kf3 Ra3+ 45.Kf4 Rd3 46.h4 Rxd4+ 47.Ke3 Re4+ 48.Kd3 Ra4 49.h5 Ra2 50.Ke3 d4+
51.Kxd4 Rxf2 52.g3 Rg2 53.Rg7 Rh2 54.Rg8 Rxh5 55.Ke3 Rg5 56.Ra8 Rxg3+ 57.Kf4 Rg1
58.Ra7+ Kf8 59.Kf3 Kg7 60.Ra8 Rf1+ 61.Ke2 Rb1 62.Kf3 Rb4 63.Ra5 Kg6 64.Ra3 Kg5
65.Ra5+ f5 66.Ra3 Rh4 67.Ra7 Kg6 68.Ra6+ f6 69.Ra8 Rb4 70.Rg8+ Kf7 71.Ra8 f4
72.Ra7+ Kg6 73.Ra8 Kg5 74.Rg8+ Kf5 75.Ra8 Rb3+ 76.Kf2 Rc3 77.Re8 Re3 78.Ra8 Rb3
79.Re8 f3 80.Ra8 Kg5 81.Ra5+ f5 82.Ra4 Rc3 83.Rb4 Rd3 84.Ra4 Kf6 85.Ra5 Rb3
86.Rc5 Rb4 87.Kxf3 Kg5 88.Rc3 Rh4 89.Rc8 Rh3+ 90.Kg2 Re3 91.Kf2 Kf4 92.Rc4+ Re4
93.Rc3 Ra4 94.Rf3+ Ke5 95.Re3+ Re4 96.Ra3 Rf4+ 97.Ke2 Rb4 98.Kf3 Rb5 99.Rc3 f4
100.Ra3 Kf5 101.Rc3 Ra5  1/2-1/2

[Event "ch-NED w"]
[Site "Haaksbergen NED"]
[Date "2009.09.15"]
[Round "4"]
[White "Bensdorp,M"]
[Black "Van Weersel,A"]
[Result "1-0"]
[WhiteElo "2325"]
[BlackElo "2209"]

1.d4 Nf6 2.c4 e6 3.Nf3 b6 4.a3 d5 5.cxd5 Nxd5 6.e4 Nf6 7.Nc3 Bb7 8.Bb5+ c6
9.Bd3 Be7 10.O-O Nbd7 11.Re1 h6 12.Bf4 g5 13.Be3 Qb8 14.e5 Nd5 15.Nxd5 exd5
16.Rc1 Nf8 17.Nd2 Ne6 18.Nf1 a6 19.Ng3 Qc7 20.Nf5 Bf8 21.b4 Qd7 22.Bd2 b5
23.a4 Qd8 24.Ra1 Qb6 25.Qh5 Ng7 26.Nd6+ Bxd6 27.exd6+ Kf8 28.Qf3 Qxd4 29.Bg6 f5
30.Bc3 Qf4 31.Qxf4 gxf4 32.Re7 Rg8 33.Rf7+ Ke8 34.Rxg7+  1-0